| 000 | 00763 a2200193 4500 | ||
|---|---|---|---|
| 003 | Nust | ||
| 005 | 20170207154042.0 | ||
| 010 | _a 2008927730 | ||
| 020 | _a9780387688985 (hardcover : alk. paper) | ||
| 040 | _cNust | ||
| 082 | _a621.3822 | ||
| 245 | 0 | 0 |
_aBandwidth extension of speech signals -(E-BOOK) _c[edited by] Bernd Iser, Wolfgang Minker, Gerhard Schmidt. |
| 250 | _a1st ed. | ||
| 260 |
_aNew York : _bSpringer, _c2009. |
||
| 300 | _ap. cm. | ||
| 490 | 0 |
_aLecture notes in electrical engineering ; _v1876-1100 |
|
| 505 | _aIntroduction (Page-1)Speech Generation(Page-9) Analysis Techniques for Speech Signals (Page-17) Excitation Signal Extension (Page-53) Broadband Spectral Envelope Estimation (Page-67) Quality Evaluation (Page-97) | ||
| 651 | _aE-BOOK | ||
| 942 |
_2ddc _cBK |
||
| 999 |
_c192697 _d192697 |
||